Rodzaje chmur - Statystyki

Ogólne statystyki
  • Ten quiz został rozwiązany 1 442 razy
  • Średni wynik to 13 z 20
Statystyki odpowiedzi
Lp. Piętro Odpowiedź Rodzaj chmury % Poprawnych
1. Niskie Cumulus kłębiasta
95%
2. Niskie Stratus warstwowa
92%
7. Wysokie Cirrus pierzasta
84%
4. Niskie Nimbostratus warstwowo-deszczowa
83%
3. Niskie Stratocumulus kłębiasto-warstwowa
83%
5. Średnie Altostratus warstwowa
80%
8. Wysokie Cirrocumulus kłębiasto-pierzasta
78%
6. Średnie Altocumulus kłębiasta
77%
9. Wysokie Cirrostratus warstwowo-pierzasta
76%
10. 2-20 km Cumulonimbus kłębiasta, deszczowa
74%
1. Cu
62%
2. St
61%
3. Sc
57%
4. Ns
55%
5. As
53%
6. Ac
51%
7. Ci
51%
8. Cc
48%
9. Cs
48%
10. Cb
41%
Nie znaleziono quizów pasujących do podanych kryteriów
Rozkład punktacji
Procent ludzi z każdym wynikiem
Percentyl według liczby udzielonych odpowiedzi
Twoja historia wyników
Nie rozwiązałeś tego quizu